00511nam a22001577a 450000500170000001000150001702000260003203500140005803700130007208200080008510000190009324500760011226000600018827000790024830000260032720220816102254.0 aENG-134407 a9789389253795c699.00 aEN-117939 bDBAD/PUB a500 aPulakkat, Hari aSpace Life Matter:bThe Coming of Age of Indian Science/cHari Pulakkat aGurugrambHachette Book Publishing India Pvt. Ltdc2021 a4th/5th Floors, Corporate Centre, Plot No. 94, Sector 44bGurugrame122003 axxii, 314p.c23cm(hb)